01065nam1a2200277 i 4500001002000000005001700020035002600037100004100063101000800104102000700112105001800119200007200137210003700209215000700246300005900253300004600312300017700358463001500535463001500550512004800565686001900613700008500632801002700717801002200744852002100766RU\NLR\bibl\106139520240726040423.0 a(NLR Aleph) 001048662 a20070320g2006 u y0rusy50 ca0 arus aRU a||||z |||||1 aВ потоке любвиf[Валентина Кардакова] aСерпуховc[б.и.]d2006 d21 aЗагл. обл.: Возрождение сонета aНа тит.л. авт. не указан aПоследующие вып. дан. изд. вышли под загл. "Возрождение сонета" без указания на номер. сочинения 010011040603 0100110406160 6z77790aВозрождение сонета aШ6(2=Р)75-53 1aКардаковаbВ. В.f1929-gВалентина Васильевна4070 0aRUbNLRc20070320gRCR 1aRUbNLRc20070320 aNLRj2007-3/3267